| 000 | 00945nam a2200229 a 4500 | ||
|---|---|---|---|
| 001 | 55152 | ||
| 003 | BD-RjUL | ||
| 005 | 20211209080225.0 | ||
| 008 | 161114s1965 bg ||||| |||| 00| 0 ben d | ||
| 035 | _a(BD-RjUL)55274 | ||
| 040 |
_aBD-RjUL _bben _cBD-RjUL _dBD-RjUL |
||
| 041 | _aben | ||
| 082 |
_223 _a891.4409 _bMAS 1965 |
||
| 100 |
_aমাহফুজউল্লাহ্, মোহাম্মদ _9164345 |
||
| 245 | 1 | 0 |
_aসমকালীন সাহিত্যের ধারা / _cমোহাম্মদ মাহফুজউল্লাহ্, |
| 250 | _a১ম সং. | ||
| 260 |
_aঢাকা : _bনওরোজ কিতাবিস্তান, _c১৯৬৫. |
||
| 300 |
_a২৩৬ পৃ. ; _c২৩ সেমি. |
||
| 650 |
_aবাংলা সাহিত্য _vইতিহাস ও সমালোচনা _9117445 |
||
| 650 |
_aBengali literature _vHistory and Criticism _9164346 |
||
| 942 |
_2ddc _cBK |
||
| 999 |
_c55152 _d55152 |
||